00334nam a2200133Ia 4500008004100000100002100041245002200062250001200084260005000096300000800146650002400154942000700178999001500185190216s9999||||xx |||||||||||||| ||und|| aKeith J. Laidler 0aChemical Kinetics a2nd Ed. bTata Mcgraw Hill Publishing Company Ltdc1973 a566 aChemistry-Chemistry cBK c2229d2229